[Event "Deutsche Ländermeisterschaft 2018"]
[Site "Würzburg GER"]
[Date "2018.10.06"]
[Round "6"]
[White "Svane, Frederik"]
[Black "Goldbeck, Lars"]
[Result "1/2-1/2"]
[Termination "normal"]
[Board "4.3"]
[WhiteElo "2287"]
[BlackElo "2184"]
[WhiteClock "00:27:05"]
[BlackClock "00:13:35"]
[WhiteTeam "Schleswig-Holstein"]
[BlackTeam "Bayern 1"]
[PlyCount "148"]
[WhiteFideId "12923044"]
[BlackFideId "16208188"]
[EventCountry "GER"]
[EventRounds "7"]
[EventType "team-swiss"]
[EventDate "2018.10.02"]

1. e4 {[%clk 1:30:57]} c5 {[%clk 1:30:59]} 2. Nf3 {[%clk 1:31:16]} d6 {[%clk
1:31:25]} 3. d4 {[%clk 1:31:40]} cxd4 {[%clk 1:31:51]} 4. Nxd4 {[%clk 1:32:04]}
Nf6 {[%clk 1:32:14]} 5. Nc3 {[%clk 1:32:26]} a6 {[%clk 1:32:43]} 6. Be3 {[%clk
1:32:48]} e5 {[%clk 1:32:42]} 7. Nf3 {[%clk 1:33:08]} Qc7 {[%clk 1:33:37]} 8.
Be2 {[%clk 1:33:06]} Be7 {[%clk 1:34:06]} 9. a4 {[%clk 1:33:15]} O-O {[%clk
1:34:23]} 10. O-O {[%clk 1:33:24]} b6 {[%clk 1:22:07]} 11. Qd3 {[%clk 1:24:13]}
Nc6 {[%clk 1:22:11]} 12. Nd5 {[%clk 1:03:21]} Nxd5 {[%clk 1:22:38]} 13. exd5
{[%clk 1:03:40]} Nb8 {[%clk 1:23:06]} 14. Nd2 {[%clk 0:56:06]} Nd7 {[%clk
1:06:57]} 15. Nc4 {[%clk 0:44:56]} f5 {[%clk 0:42:15]} 16. a5 {[%clk 0:42:31]}
b5 {[%clk 0:41:42]} 17. Nb6 {[%clk 0:42:53]} Nxb6 {[%clk 0:40:55]} 18. Bxb6
{[%clk 0:42:34]} Qb7 {[%clk 0:40:31]} 19. f3 {[%clk 0:35:16]} Bd7 {[%clk
0:39:14]} 20. b3 {[%clk 0:31:48]} Rac8 {[%clk 0:34:26]} 21. c4 {[%clk 0:30:21]}
Bf6 {[%clk 0:20:43]} 22. Qd2 {[%clk 0:23:10]} e4 {[%clk 0:16:32]} 23. Rac1
{[%clk 0:22:30]} bxc4 {[%clk 0:15:28]} 24. bxc4 {[%clk 0:22:45]} Rfe8 {[%clk
0:12:44]} 25. f4 {[%clk 0:20:25]} h6 {[%clk 0:09:19]} 26. Kh1 {[%clk 0:19:17]}
Kh7 {[%clk 0:09:17]} 27. Be3 {[%clk 0:18:11]} Rb8 {[%clk 0:08:45]} 28. c5
{[%clk 0:14:52]} dxc5 {[%clk 0:09:12]} 29. Bxc5 {[%clk 0:14:48]} Bb5 {[%clk
0:08:40]} 30. d6 {[%clk 0:08:13]} e3 {[%clk 0:07:16]} 31. Qc2 {[%clk 0:08:11]}
Bxe2 {[%clk 0:07:32]} 32. Qxe2 {[%clk 0:08:37]} Qe4 {[%clk 0:05:37]} 33. d7
{[%clk 0:07:11]} Red8 {[%clk 0:05:57]} 34. Qxe3 {[%clk 0:05:43]} Rxd7 {[%clk
0:05:16]} 35. Qxe4 {[%clk 0:05:37]} fxe4 {[%clk 0:04:18]} 36. Bb6 {[%clk
0:04:34]} Re8 {[%clk 0:04:10]} 37. Rc2 {[%clk 0:02:22]} Rd3 {[%clk 0:03:37]}
38. Re2 {[%clk 0:02:14]} e3 {[%clk 0:02:41]} 39. g3 {[%clk 0:02:06]} Bc3 {[%clk
0:03:03]} 40. Kg2 {[%clk 0:02:25]} Bd2 {[%clk 0:02:44]} 41. Ra1 {[%clk
0:21:37]} Re4 {[%clk 0:22:41]} 42. Kf3 {[%clk 0:20:23]} Rc4 {[%clk 0:22:40]}
43. Rd1 {[%clk 0:20:02]} Rcc3 {[%clk 0:19:46]} 44. Ra1 {[%clk 0:20:11]} Rc4
{[%clk 0:10:41]} 45. Rd1 {[%clk 0:19:52]} Ra4 {[%clk 0:09:21]} 46. Bxe3 {[%clk
0:19:10]} Rxe3+ {[%clk 0:09:45]} 47. Rxe3 {[%clk 0:19:35]} Bxe3 {[%clk
0:10:12]} 48. Kxe3 {[%clk 0:19:59]} Rxa5 {[%clk 0:10:40]} 49. Rd6 {[%clk
0:20:05]} Ra2 {[%clk 0:10:47]} 50. Kf3 {[%clk 0:20:28]} Kg8 {[%clk 0:10:58]}
51. h3 {[%clk 0:20:01]} Kf7 {[%clk 0:11:19]} 52. Rd7+ {[%clk 0:20:26]} Kf6
{[%clk 0:11:39]} 53. Rd6+ {[%clk 0:20:51]} Ke7 {[%clk 0:11:52]} 54. Rg6 {[%clk
0:21:17]} Kf7 {[%clk 0:12:19]} 55. Rb6 {[%clk 0:21:43]} a5 {[%clk 0:12:30]} 56.
Rb7+ {[%clk 0:22:08]} Kg6 {[%clk 0:12:46]} 57. Rb6+ {[%clk 0:22:33]} Kh7 {[%clk
0:13:08]} 58. Ra6 {[%clk 0:22:58]} a4 {[%clk 0:13:32]} 59. Ra7 {[%clk 0:23:04]}
a3 {[%clk 0:13:57]} 60. Ra6 {[%clk 0:23:15]} Ra1 {[%clk 0:13:55]} 61. Kg2
{[%clk 0:23:25]} Kg8 {[%clk 0:12:42]} 62. Ra8+ {[%clk 0:23:44]} Kf7 {[%clk
0:13:07]} 63. Ra7+ {[%clk 0:24:08]} Kf6 {[%clk 0:13:24]} 64. Ra6+ {[%clk
0:24:15]} Ke7 {[%clk 0:13:48]} 65. Ra7+ {[%clk 0:24:38]} Kf6 {[%clk 0:13:25]}
66. Ra6+ {[%clk 0:25:03]} Kf7 {[%clk 0:13:52]} 67. Ra7+ {[%clk 0:25:28]} Kg6
{[%clk 0:14:19]} 68. Ra6+ Kh7 69. Ra7 {[%clk 0:26:12]} h5 {[%clk 0:14:55]} 70.
Ra5 {[%clk 0:25:38]} h4 {[%clk 0:14:12]} 71. gxh4 {[%clk 0:25:53]} Kg6 {[%clk
0:13:35]} 72. h5+ {[%clk 0:26:15]} Kh6 {[%clk 0:14:02]} 73. Kh2 {[%clk
0:26:40]} Ra2+ {[%clk 0:13:35]} 74. Kg3 {[%clk 0:27:05]} Ra1 1/2-1/2

[Event "Deutsche Ländermeisterschaft 2018"]
[Site "Würzburg GER"]
[Date "2018.10.06"]
[Round "6"]
[White "Huber, Benedikt"]
[Black "Kopylov, Daniel"]
[Result "0-1"]
[Termination "normal"]
[Board "4.4"]
[WhiteElo "2116"]
[BlackElo "2192"]
[WhiteClock "00:05:15"]
[BlackClock "00:11:26"]
[WhiteTeam "Bayern 1"]
[BlackTeam "Schleswig-Holstein"]
[PlyCount "66"]
[WhiteFideId "12923583"]
[BlackFideId "12921971"]
[EventCountry "GER"]
[EventRounds "7"]
[EventType "team-swiss"]
[EventDate "2018.10.02"]

1. d4 {[%clk 1:30:57]} d5 {[%clk 1:30:44]} 2. c4 {[%clk 1:31:08]} e6 {[%clk
1:29:01]} 3. Nc3 {[%clk 1:31:25]} c6 {[%clk 1:26:28]} 4. e4 {[%clk 1:31:05]}
Bb4 {[%clk 1:23:50]} 5. Bd3 {[%clk 1:26:15]} dxc4 {[%clk 1:14:01]} 6. Bxc4
{[%clk 1:24:50]} Nf6 {[%clk 1:13:48]} 7. Bg5 {[%clk 1:22:05]} Bxc3+ {[%clk
1:12:11]} 8. bxc3 {[%clk 1:22:34]} Qa5 {[%clk 1:11:30]} 9. Bd2 {[%clk 1:21:27]}
Nxe4 {[%clk 1:07:37]} 10. Nf3 {[%clk 1:18:50]} Nxd2 {[%clk 1:05:43]} 11. Qxd2
{[%clk 1:19:09]} Nd7 {[%clk 1:04:00]} 12. O-O {[%clk 1:18:36]} O-O {[%clk
1:02:55]} 13. Rfe1 {[%clk 1:17:40]} c5 {[%clk 0:55:14]} 14. Rab1 {[%clk
1:00:30]} a6 {[%clk 0:48:26]} 15. d5 {[%clk 0:53:28]} Nb6 {[%clk 0:35:55]} 16.
Ne5 {[%clk 0:48:46]} Nxc4 {[%clk 0:33:00]} 17. Nxc4 {[%clk 0:49:08]} Qd8 {[%clk
0:31:53]} 18. Nb6 {[%clk 0:47:43]} Rb8 {[%clk 0:28:02]} 19. d6 {[%clk 0:39:14]}
Bd7 {[%clk 0:28:08]} 20. Qe3 {[%clk 0:35:42]} Bc6 {[%clk 0:25:55]} 21. Qxc5
{[%clk 0:34:40]} Qh4 {[%clk 0:25:54]} 22. Rb4 {[%clk 0:33:54]} Qh6 {[%clk
0:25:37]} 23. Re3 {[%clk 0:23:24]} Rbd8 {[%clk 0:24:18]} 24. Rg4 {[%clk
0:19:34]} f5 {[%clk 0:21:21]} 25. Rd4 {[%clk 0:18:58]} f4 {[%clk 0:21:05]} 26.
Re1 {[%clk 0:17:01]} f3 {[%clk 0:19:26]} 27. Qc4 {[%clk 0:14:01]} fxg2 {[%clk
0:15:29]} 28. Rxe6 {[%clk 0:12:02]} Qh5 {[%clk 0:14:34]} 29. Rh4 {[%clk
0:10:21]} Qf7 {[%clk 0:13:06]} 30. f4 {[%clk 0:09:56]} Rde8 {[%clk 0:12:20]}
31. Rxe8 {[%clk 0:06:42]} Rxe8 {[%clk 0:12:05]} 32. Kf2 {[%clk 0:04:47]} Qxc4
{[%clk 0:11:58]} 33. Nxc4 {[%clk 0:05:15]} Re2+ {[%clk 0:11:26]} 0-1

[Event "Deutsche Ländermeisterschaft 2018"]
[Site "Würzburg GER"]
[Date "2018.10.06"]
[Round "6"]
[White "Glinzner, Alva"]
[Black "Hetzner, Hannes"]
[Result "1-0"]
[Termination "normal"]
[Board "4.5"]
[WhiteElo "1787"]
[BlackElo "1855"]
[WhiteClock "00:15:09"]
[BlackClock "00:22:55"]
[WhiteTeam "Schleswig-Holstein"]
[BlackTeam "Bayern 1"]
[PlyCount "119"]
[WhiteFideId "16206169"]
[BlackFideId "16211936"]
[EventCountry "GER"]
[EventRounds "7"]
[EventType "team-swiss"]
[EventDate "2018.10.02"]

1. e4 {[%clk 1:30:58]} e6 {[%clk 1:30:55]} 2. d4 {[%clk 1:31:11]} d5 {[%clk
1:31:21]} 3. Nd2 {[%clk 1:31:26]} Nf6 {[%clk 1:31:45]} 4. e5 {[%clk 1:31:37]}
Nfd7 {[%clk 1:32:09]} 5. f4 {[%clk 1:31:55]} c5 {[%clk 1:32:25]} 6. c3 {[%clk
1:32:18]} Nc6 {[%clk 1:32:48]} 7. Ndf3 {[%clk 1:32:33]} Qb6 {[%clk 1:33:07]} 8.
g3 {[%clk 1:32:40]} Be7 {[%clk 1:33:03]} 9. Kf2 {[%clk 1:31:33]} f6 {[%clk
1:30:31]} 10. Kg2 {[%clk 1:31:19]} O-O {[%clk 1:26:10]} 11. Bd3 {[%clk
1:30:37]} cxd4 {[%clk 1:12:14]} 12. cxd4 {[%clk 1:30:53]} fxe5 {[%clk 1:02:10]}
13. fxe5 {[%clk 1:28:31]} Nxd4 {[%clk 0:53:38]} 14. Nxd4 {[%clk 1:28:10]} Nxe5
{[%clk 0:51:01]} 15. Bc2 {[%clk 1:25:09]} Kh8 {[%clk 0:38:15]} 16. Ngf3 {[%clk
1:15:13]} Nxf3 {[%clk 0:33:52]} 17. Nxf3 {[%clk 1:15:25]} e5 {[%clk 0:27:58]}
18. Qxd5 {[%clk 1:10:32]} Bg4 {[%clk 0:23:06]} 19. Be4 {[%clk 1:03:33]} Qa6
{[%clk 0:19:38]} 20. Re1 {[%clk 0:49:47]} Bb4 {[%clk 0:15:24]} 21. Re3 {[%clk
0:49:45]} Rf6 {[%clk 0:04:25]} 22. Bd3 {[%clk 0:39:49]} Qb6 {[%clk 0:03:38]}
23. Be2 {[%clk 0:30:01]} Raf8 {[%clk 0:03:14]} 24. Qe4 {[%clk 0:20:57]} Bc5
{[%clk 0:02:10]} 25. Rb3 {[%clk 0:20:53]} Qe6 {[%clk 0:02:12]} 26. Bd2 {[%clk
0:10:21]} Bf5 {[%clk 0:01:50]} 27. Qxb7 {[%clk 0:06:21]} Bh3+ {[%clk 0:01:23]}
28. Kh1 {[%clk 0:06:39]} e4 {[%clk 0:01:12]} 29. Ng5 {[%clk 0:06:00]} Qf5
{[%clk 0:00:43]} 30. Bf4 {[%clk 0:05:00]} h6 {[%clk 0:00:34]} 31. Nxh3 {[%clk
0:03:36]} Qxh3 {[%clk 0:00:51]} 32. Qxe4 {[%clk 0:03:56]} Re6 {[%clk 0:00:58]}
33. Qc4 {[%clk 0:02:44]} Rfe8 {[%clk 0:01:01]} 34. Bf1 {[%clk 0:01:50]} Qh5
{[%clk 0:01:12]} 35. Bd2 {[%clk 0:01:33]} Re2 {[%clk 0:01:27]} 36. Bxe2 {[%clk
0:01:25]} Rxe2 {[%clk 0:01:52]} 37. Rb8+ {[%clk 0:01:34]} Kh7 {[%clk 0:02:11]}
38. Qd3+ {[%clk 0:01:41]} g6 {[%clk 0:02:23]} 39. Rb7+ {[%clk 0:01:37]} Be7
{[%clk 0:02:42]} 40. h4 {[%clk 0:00:59]} Qg4 {[%clk 0:02:04]} 41. Rxe7+ {[%clk
0:29:13]} Rxe7 {[%clk 0:31:49]} 42. Re1 {[%clk 0:26:27]} Rf7 {[%clk 0:30:06]}
43. Kg2 {[%clk 0:24:22]} Qa4 {[%clk 0:29:31]} 44. h5 {[%clk 0:19:16]} Qc6+
{[%clk 0:26:43]} 45. Qe4 {[%clk 0:17:33]} Qxe4+ {[%clk 0:25:47]} 46. Rxe4
{[%clk 0:17:59]} gxh5 {[%clk 0:25:31]} 47. Re6 {[%clk 0:18:11]} Rd7 {[%clk
0:25:44]} 48. Rxh6+ {[%clk 0:17:27]} Kg7 {[%clk 0:25:57]} 49. Bf4 {[%clk
0:17:50]} Rb7 {[%clk 0:24:58]} 50. Kf3 {[%clk 0:15:52]} Rxb2 {[%clk 0:24:40]}
51. Be5+ {[%clk 0:16:10]} Kxh6 {[%clk 0:25:03]} 52. Bxb2 {[%clk 0:16:38]} Kg5
{[%clk 0:25:06]} 53. Ke4 {[%clk 0:16:55]} h4 {[%clk 0:25:05]} 54. gxh4+ {[%clk
0:16:41]} Kxh4 {[%clk 0:25:24]} 55. a4 {[%clk 0:17:07]} Kg5 {[%clk 0:25:13]}
56. a5 {[%clk 0:17:05]} a6 {[%clk 0:23:18]} 57. Be5 {[%clk 0:15:42]} Kg6 {[%clk
0:23:38]} 58. Kd5 {[%clk 0:15:53]} Kf7 {[%clk 0:23:04]} 59. Kc6 {[%clk
0:15:20]} Ke7 {[%clk 0:22:55]} 60. Bc7 {[%clk 0:15:09]} 1-0

[Event "Deutsche Ländermeisterschaft 2018"]
[Site "Würzburg GER"]
[Date "2018.10.06"]
[Round "6"]
[White "Werner, Denis"]
[Black "Farokhi, Keyvan"]
[Result "1/2-1/2"]
[Termination "normal"]
[Board "4.6"]
[WhiteElo "1817"]
[BlackElo "1855"]
[WhiteClock "00:27:14"]
[BlackClock "00:25:31"]
[WhiteTeam "Bayern 1"]
[BlackTeam "Schleswig-Holstein"]
[PlyCount "59"]
[WhiteFideId "16226429"]
[BlackFideId "12998630"]
[EventCountry "GER"]
[EventRounds "7"]
[EventType "team-swiss"]
[EventDate "2018.10.02"]

1. e4 {[%clk 1:30:26]} e5 {[%clk 1:30:43]} 2. Nf3 {[%clk 1:30:26]} Nc6 {[%clk
1:31:01]} 3. Nc3 {[%clk 1:30:12]} Nf6 {[%clk 1:31:11]} 4. d4 {[%clk 1:29:36]}
exd4 {[%clk 1:31:13]} 5. Nxd4 {[%clk 1:29:22]} Bb4 {[%clk 1:31:23]} 6. Nxc6
{[%clk 1:28:24]} bxc6 {[%clk 1:31:22]} 7. Bd3 {[%clk 1:27:22]} d5 {[%clk
1:30:58]} 8. exd5 {[%clk 1:25:53]} cxd5 {[%clk 1:30:39]} 9. O-O {[%clk
1:24:09]} O-O {[%clk 1:31:00]} 10. Bg5 {[%clk 1:23:11]} c6 {[%clk 1:31:17]} 11.
Qf3 {[%clk 1:22:16]} Be7 {[%clk 1:31:24]} 12. h3 {[%clk 1:20:15]} Rb8 {[%clk
1:29:16]} 13. Na4 {[%clk 1:18:13]} h6 {[%clk 1:23:10]} 14. Bf4 {[%clk 1:15:11]}
Bd6 {[%clk 1:23:15]} 15. Bxd6 {[%clk 1:13:45]} Qxd6 {[%clk 1:23:42]} 16. b3
{[%clk 1:11:48]} Be6 {[%clk 1:19:08]} 17. Nc3 {[%clk 1:09:32]} c5 {[%clk
1:05:42]} 18. Rad1 {[%clk 1:04:37]} d4 {[%clk 0:53:16]} 19. Ne4 {[%clk
0:55:52]} Nxe4 {[%clk 0:53:23]} 20. Qxe4 {[%clk 0:54:45]} f5 {[%clk 0:53:09]}
21. Qe2 {[%clk 0:52:54]} Rbe8 {[%clk 0:51:19]} 22. Bb5 {[%clk 0:49:09]} Re7
{[%clk 0:46:23]} 23. Rfe1 {[%clk 0:46:00]} Rff7 {[%clk 0:41:32]} 24. Bc4 {[%clk
0:41:54]} Bxc4 {[%clk 0:36:16]} 25. Qxc4 {[%clk 0:39:11]} Kf8 {[%clk 0:36:03]}
26. b4 {[%clk 0:35:59]} Rxe1+ {[%clk 0:29:42]} 27. Rxe1 {[%clk 0:35:47]} Re7
{[%clk 0:27:08]} 28. Rxe7 {[%clk 0:32:48]} Qxe7 {[%clk 0:27:35]} 29. Kf1 {[%clk
0:27:14]} cxb4 {[%clk 0:25:31]} 30. Qc8+ 1/2-1/2

[Event "Deutsche Ländermeisterschaft 2018"]
[Site "Würzburg GER"]
[Date "2018.10.06"]
[Round "6"]
[White "Herbrig, Alexander"]
[Black "Sieber, Fiona"]
[Result "0-1"]
[Termination "normal"]
[Board "5.1"]
[BlackTitle "WIM"]
[WhiteElo "2277"]
[BlackElo "2277"]
[WhiteClock "00:29:13"]
[BlackClock "00:17:44"]
[WhiteTeam "Sachsen 2"]
[BlackTeam "Sachsen-Anhalt"]
[PlyCount "120"]
[WhiteFideId "12952044"]
[BlackFideId "12902373"]
[EventCountry "GER"]
[EventRounds "7"]
[EventType "team-swiss"]
[EventDate "2018.10.02"]

1. d4 {[%clk 1:30:57]} Nf6 {[%clk 1:30:55]} 2. Nf3 {[%clk 1:31:13]} g6 {[%clk
1:31:20]} 3. Bg5 {[%clk 1:31:21]} Bg7 {[%clk 1:31:43]} 4. Nbd2 {[%clk 1:31:45]}
O-O {[%clk 1:30:38]} 5. c3 {[%clk 1:31:12]} d6 {[%clk 1:26:46]} 6. e4 {[%clk
1:30:32]} c5 {[%clk 1:26:04]} 7. dxc5 {[%clk 1:27:52]} dxc5 {[%clk 1:26:28]} 8.
Bc4 {[%clk 1:27:40]} Nc6 {[%clk 1:23:19]} 9. a4 {[%clk 1:24:58]} Qc7 {[%clk
1:19:20]} 10. O-O {[%clk 1:19:56]} h6 {[%clk 1:16:21]} 11. Bh4 {[%clk 1:14:08]}
Nh5 {[%clk 1:16:30]} 12. Qc2 {[%clk 1:07:14]} b6 {[%clk 1:15:57]} 13. Rfe1
{[%clk 1:02:55]} e6 {[%clk 1:10:25]} 14. Rad1 {[%clk 1:00:17]} g5 {[%clk
1:05:21]} 15. Bg3 {[%clk 0:58:28]} Nxg3 {[%clk 1:05:46]} 16. hxg3 {[%clk
0:58:37]} Bb7 {[%clk 1:05:13]} 17. Ba2 {[%clk 0:56:10]} Rad8 {[%clk 0:55:53]}
18. Nc4 {[%clk 0:48:59]} Ba8 {[%clk 0:45:18]} 19. Rxd8 {[%clk 0:43:08]} Rxd8
{[%clk 0:45:07]} 20. e5 {[%clk 0:42:47]} Ne7 {[%clk 0:37:08]} 21. Nd6 {[%clk
0:35:33]} Bxf3 {[%clk 0:23:03]} 22. gxf3 {[%clk 0:35:40]} Ng6 {[%clk 0:22:59]}
23. f4 {[%clk 0:24:50]} gxf4 {[%clk 0:19:20]} 24. gxf4 {[%clk 0:25:16]} Nxf4
{[%clk 0:14:04]} 25. Bb1 {[%clk 0:24:57]} Qe7 {[%clk 0:13:07]} 26. Qe4 {[%clk
0:21:16]} Qh4 {[%clk 0:10:52]} 27. Re3 {[%clk 0:16:50]} Nh3+ {[%clk 0:10:38]}
28. Kh2 {[%clk 0:16:29]} Qxe4 {[%clk 0:09:37]} 29. Nxe4 {[%clk 0:16:23]} Nf4
{[%clk 0:06:57]} 30. Rg3 {[%clk 0:15:35]} Kf8 {[%clk 0:06:01]} 31. Nf6 {[%clk
0:15:02]} Bxf6 {[%clk 0:05:13]} 32. exf6 {[%clk 0:15:31]} Rd5 {[%clk 0:03:44]}
33. Rf3 {[%clk 0:12:48]} Rh5+ {[%clk 0:02:12]} 34. Kg3 {[%clk 0:12:49]} e5
{[%clk 0:02:13]} 35. Re3 {[%clk 0:11:53]} Ke8 {[%clk 0:02:06]} 36. Bc2 {[%clk
0:10:34]} Kd7 {[%clk 0:02:16]} 37. Bb3 {[%clk 0:10:37]} Rg5+ {[%clk 0:02:21]}
38. Kf3 {[%clk 0:10:39]} Nh5 {[%clk 0:01:52]} 39. Rd3+ {[%clk 0:04:31]} Kc7
{[%clk 0:02:21]} 40. Bxf7 {[%clk 0:04:17]} Nxf6 {[%clk 0:02:36]} 41. Ke2 {[%clk
0:01:13]} Rg7 {[%clk 0:26:45]} 42. Be6 {[%clk 0:30:02]} Nh5 {[%clk 0:24:35]}
43. Re3 {[%clk 0:26:42]} Nf4+ {[%clk 0:24:58]} 44. Kf3 {[%clk 0:27:07]} Nxe6
{[%clk 0:25:23]} 45. Rxe5 {[%clk 0:27:33]} Kd6 {[%clk 0:25:28]} 46. Rh5 {[%clk
0:27:53]} Rg6 {[%clk 0:25:48]} 47. Ke4 {[%clk 0:28:06]} Ng7 {[%clk 0:23:50]}
48. Rd5+ {[%clk 0:27:51]} Kc6 {[%clk 0:23:39]} 49. Rd2 {[%clk 0:28:16]} Rd6
{[%clk 0:23:17]} 50. Rc2 {[%clk 0:28:35]} Re6+ {[%clk 0:21:29]} 51. Kf4 {[%clk
0:28:52]} Rf6+ {[%clk 0:20:48]} 52. Ke5 {[%clk 0:28:53]} Rf5+ {[%clk 0:20:55]}
53. Ke4 {[%clk 0:29:22]} Kd6 {[%clk 0:20:54]} 54. f4 {[%clk 0:29:43]} Ke6
{[%clk 0:20:51]} 55. Rg2 {[%clk 0:28:40]} Nh5 {[%clk 0:21:08]} 56. Rg6+ {[%clk
0:28:54]} Rf6 {[%clk 0:20:21]} 57. f5+ {[%clk 0:28:57]} Kf7 {[%clk 0:20:47]}
58. Rg1 {[%clk 0:29:06]} Ng7 {[%clk 0:20:33]} 59. Rd1 {[%clk 0:29:18]} Ke7
{[%clk 0:20:22]} 60. Rd5 {[%clk 0:29:13]} Nxf5 {[%clk 0:17:44]} 0-1

[Event "Deutsche Ländermeisterschaft 2018"]
[Site "Würzburg GER"]
[Date "2018.10.06"]
[Round "6"]
[White "Pallas, Sebastian"]
[Black "Burian, Simon"]
[Result "1-0"]
[Termination "normal"]
[Board "5.2"]
[WhiteElo "2278"]
[BlackElo "2091"]
[WhiteClock "01:14:08"]
[BlackClock "01:02:24"]
[WhiteTeam "Sachsen-Anhalt"]
[BlackTeam "Sachsen 2"]
[PlyCount "49"]
[WhiteFideId "12905453"]
[BlackFideId "12956902"]
[EventCountry "GER"]
[EventRounds "7"]
[EventType "team-swiss"]
[EventDate "2018.10.02"]

1. e4 {[%clk 1:30:50]} c5 {[%clk 1:30:48]} 2. Nf3 {[%clk 1:31:11]} d6 {[%clk
1:31:03]} 3. d4 {[%clk 1:31:31]} cxd4 {[%clk 1:31:20]} 4. Nxd4 {[%clk 1:31:51]}
Nf6 {[%clk 1:31:30]} 5. Nc3 {[%clk 1:32:01]} a6 {[%clk 1:31:42]} 6. Bg5 {[%clk
1:32:12]} e6 {[%clk 1:31:31]} 7. f4 {[%clk 1:31:59]} Be7 {[%clk 1:31:27]} 8.
Qf3 {[%clk 1:31:24]} Qc7 {[%clk 1:30:48]} 9. O-O-O {[%clk 1:31:29]} Nbd7 {[%clk
1:30:26]} 10. g4 {[%clk 1:30:32]} h6 {[%clk 1:29:51]} 11. Bxf6 {[%clk 1:30:54]}
Bxf6 {[%clk 1:30:13]} 12. Kb1 {[%clk 1:30:12]} Qb6 {[%clk 1:27:35]} 13. Nb3
{[%clk 1:30:22]} Nc5 {[%clk 1:23:40]} 14. e5 {[%clk 1:28:46]} Be7 {[%clk
1:12:49]} 15. exd6 {[%clk 1:13:41]} Bxd6 {[%clk 1:13:05]} 16. Nxc5 {[%clk
1:13:28]} Bxc5 {[%clk 1:13:11]} 17. Na4 {[%clk 1:13:22]} Qb4 {[%clk 1:10:19]}
18. Nxc5 {[%clk 1:13:41]} Qxc5 {[%clk 1:10:42]} 19. h4 {[%clk 1:13:37]} Bd7
{[%clk 1:02:06]} 20. Rxd7 {[%clk 1:13:48]} Kxd7 {[%clk 1:02:26]} 21. Qxb7+
{[%clk 1:14:11]} Qc7 {[%clk 1:02:50]} 22. Bb5+ {[%clk 1:14:35]} axb5 {[%clk
1:01:44]} 23. Rd1+ {[%clk 1:14:59]} Ke7 {[%clk 1:02:03]} 24. Qxc7+ {[%clk
1:15:23]} Kf6 {[%clk 1:02:24]} 25. Rd7 {[%clk 1:14:08]} 1-0

[Event "Deutsche Ländermeisterschaft 2018"]
[Site "Würzburg GER"]
[Date "2018.10.06"]
[Round "6"]
[White "Lutz, Ruben"]
[Black "Roseneck, Jonas"]
[Result "0-1"]
[Termination "normal"]
[Board "5.3"]
[WhiteElo "2043"]
[BlackElo "2262"]
[WhiteClock "00:02:26"]
[BlackClock "00:08:13"]
[WhiteTeam "Sachsen 2"]
[BlackTeam "Sachsen-Anhalt"]
[PlyCount "136"]
[WhiteFideId "12975974"]
[BlackFideId "12939870"]
[EventCountry "GER"]
[EventRounds "7"]
[EventType "team-swiss"]
[EventDate "2018.10.02"]

1. d4 {[%clk 1:30:50]} Nf6 {[%clk 1:30:46]} 2. Bf4 {[%clk 1:31:08]} d5 {[%clk
1:31:10]} 3. e3 {[%clk 1:31:13]} c5 {[%clk 1:31:26]} 4. c3 {[%clk 1:31:17]} Nc6
{[%clk 1:31:51]} 5. Nd2 {[%clk 1:31:31]} e6 {[%clk 1:32:16]} 6. Ngf3 {[%clk
1:31:37]} cxd4 {[%clk 1:32:40]} 7. exd4 {[%clk 1:31:55]} Nh5 {[%clk 1:33:05]}
8. Be3 {[%clk 1:32:12]} Bd6 {[%clk 1:28:23]} 9. Ne5 {[%clk 1:32:10]} g6 {[%clk
1:28:46]} 10. Ndf3 {[%clk 1:27:30]} f6 {[%clk 1:16:39]} 11. Nd3 {[%clk
1:14:43]} Qc7 {[%clk 1:13:19]} 12. Qd2 {[%clk 1:12:08]} O-O {[%clk 1:07:19]}
13. Be2 {[%clk 1:10:55]} Ng7 {[%clk 1:06:44]} 14. h4 {[%clk 0:56:12]} e5 {[%clk
1:02:48]} 15. dxe5 {[%clk 0:54:46]} fxe5 {[%clk 1:02:47]} 16. Nc1 {[%clk
0:40:35]} Be6 {[%clk 0:36:19]} 17. O-O {[%clk 0:36:58]} Kh8 {[%clk 0:34:21]}
18. Nb3 {[%clk 0:32:29]} b6 {[%clk 0:30:08]} 19. Rad1 {[%clk 0:31:15]} Rad8
{[%clk 0:28:22]} 20. Bg5 {[%clk 0:29:50]} Rd7 {[%clk 0:24:14]} 21. Qc1 {[%clk
0:28:13]} Bg8 {[%clk 0:19:51]} 22. Nh2 {[%clk 0:18:18]} Be7 {[%clk 0:13:03]}
23. Ng4 {[%clk 0:17:18]} Ne6 {[%clk 0:12:30]} 24. Bb5 {[%clk 0:13:54]} Nxg5
{[%clk 0:09:53]} 25. Bxc6 {[%clk 0:11:50]} Rd6 {[%clk 0:05:52]} 26. Nxe5 {[%clk
0:08:39]} Ne4 {[%clk 0:06:10]} 27. Bb5 {[%clk 0:04:48]} Bxh4 {[%clk 0:05:19]}
28. Nf3 {[%clk 0:04:38]} Be7 {[%clk 0:04:27]} 29. Nbd4 {[%clk 0:04:57]} Rdf6
{[%clk 0:04:37]} 30. Bd3 {[%clk 0:04:21]} Qc8 {[%clk 0:03:15]} 31. Qe3 {[%clk
0:03:58]} Qg4 {[%clk 0:01:47]} 32. Bxe4 {[%clk 0:02:00]} Qxe4 {[%clk 0:01:29]}
33. Qxe4 {[%clk 0:01:58]} dxe4 {[%clk 0:01:58]} 34. Nd2 {[%clk 0:01:49]} Bd5
{[%clk 0:01:11]} 35. Rde1 {[%clk 0:01:29]} Bc5 {[%clk 0:00:47]} 36. Nxe4 {[%clk
0:01:24]} Bxd4 {[%clk 0:01:17]} 37. cxd4 {[%clk 0:01:39]} Rf4 {[%clk 0:01:47]}
38. Nd2 {[%clk 0:01:32]} Rxd4 {[%clk 0:01:53]} 39. Nb3 {[%clk 0:01:45]} Rg4
{[%clk 0:00:43]} 40. f3 {[%clk 0:00:40]} Rxf3 {[%clk 0:00:40]} 41. Rxf3 {[%clk
0:27:17]} Bxf3 {[%clk 0:31:09]} 42. g3 {[%clk 0:27:20]} Bd5 {[%clk 0:30:22]}
43. Re3 {[%clk 0:25:37]} a5 {[%clk 0:23:50]} 44. Rd3 {[%clk 0:19:05]} Rg5
{[%clk 0:23:47]} 45. Nc1 {[%clk 0:16:14]} Re5 {[%clk 0:23:14]} 46. Kf2 {[%clk
0:16:07]} Kg7 {[%clk 0:23:38]} 47. b3 {[%clk 0:16:02]} Bc6 {[%clk 0:20:01]} 48.
Rc3 {[%clk 0:12:10]} Re6 {[%clk 0:18:45]} 49. Ne2 {[%clk 0:10:52]} Rd6 {[%clk
0:16:17]} 50. Ke3 {[%clk 0:09:15]} Kf6 {[%clk 0:16:12]} 51. Nd4 {[%clk
0:09:25]} Bd5 {[%clk 0:16:17]} 52. Rc1 {[%clk 0:06:33]} Ke5 {[%clk 0:15:09]}
53. Rc7 {[%clk 0:05:37]} h5 {[%clk 0:14:02]} 54. Rg7 {[%clk 0:05:22]} Kf6
{[%clk 0:13:59]} 55. Rc7 {[%clk 0:05:11]} Kg5 {[%clk 0:14:06]} 56. Rg7 {[%clk
0:02:34]} Rd8 {[%clk 0:10:41]} 57. Re7 {[%clk 0:01:49]} Kg4 {[%clk 0:10:12]}
58. Ne2 {[%clk 0:02:07]} Bc6 {[%clk 0:09:34]} 59. Rg7 {[%clk 0:01:52]} Rd6
{[%clk 0:07:56]} 60. Nf4 {[%clk 0:02:02]} g5 {[%clk 0:07:28]} 61. Rg8 {[%clk
0:01:38]} Bb5 {[%clk 0:06:02]} 62. Rg7 {[%clk 0:01:36]} Rd7 {[%clk 0:06:02]}
63. Rg8 {[%clk 0:01:42]} Re7+ {[%clk 0:06:28]} 64. Kf2 {[%clk 0:01:54]} h4
{[%clk 0:06:46]} 65. Nd5 {[%clk 0:01:30]} hxg3+ {[%clk 0:07:01]} 66. Kg1 {[%clk
0:01:44]} Re1+ {[%clk 0:07:28]} 67. Kg2 {[%clk 0:02:06]} Bf1+ {[%clk 0:07:45]}
68. Kg1 {[%clk 0:02:26]} Bh3# {[%clk 0:08:13]} 0-1